Exploraciones radiológicas del sistema ventricular y canal raquídeo con medios de contraste positivo para el diagnóstico neuroquirúrgico / (Record no. 61578)
[ view plain ]
| 000 -LEADER | |
|---|---|
| campo de control de longitud fija | 00626nam a2200169 i 4500 |
| 001 - NÚMERO DE CONTROL | |
| campo de control | 61578 |
| 003 - IDENTIFICADOR DE NÚMERO DE CONTROL | |
| campo de control | ES-MaACL |
| 005 - FECHA Y HORA DE LA ÚLTIMA TRANSACCIÓN | |
| campo de control | 20250812171204.0 |
| 007 - CAMPO FIJO DE DESCRIPCIÓN FÍSICA--INFORMACIÓN GENERAL | |
| campo de control de longitud fija | t| |
| 008 - DATOS DE LONGITUD FIJA--INFORMACIÓN GENERAL | |
| campo de control de longitud fija | 031112s1967 sp ||||1| spa d |
| 245 00 - MENCIÓN DEL TÍTULO | |
| Título | Exploraciones radiológicas del sistema ventricular y canal raquídeo con medios de contraste positivo para el diagnóstico neuroquirúrgico / |
| Mención de responsabilidad, etc. | por S. Obrador...[et al.]. |
| 260 ## - PUBLICACIÓN, DISTRIBUCIÓN, ETC. | |
| Lugar de publicación, distribución, etc. | Madrid : |
| Nombre del editor, distribuidor, etc. | Instituto Nacional de Previsión, |
| Fecha de publicación, distribución, etc. | 1967. |
| 300 ## - DESCRIPCIÓN FÍSICA | |
| Extensión | 190 p., 46 lám. ; |
| Dimensiones | 24 cm. |
| 700 1# - ENTRADA AGREGADA--NOMBRE PERSONAL | |
| Nombre de persona | Obrador Alcalde, Sixto, |
| Fechas asociadas al nombre | 1911-1978 |
| 9 (RLIN) | 86417 |
| 852 ## - LOCALIZACIÓN | |
| Ubicación | ES-MaACL |
| Número de control de estantería | C-33574 |
| Sublocalización o colección | R.64084 |
| Estatus retirado | Estado de pérdida | Estado de daño | No para préstamo | Biblioteca de origen | Biblioteca actual | Ubicación en estantería | Fecha de adquisición | Fuente de adquisición | Total de préstamos | Signatura topográfica completa | Código de barras | Visto por última vez | Precio de reemplazo | Tipo de ítem Koha |
|---|---|---|---|---|---|---|---|---|---|---|---|---|---|---|
| Biblioteca del Ateneo de Madrid | Biblioteca del Ateneo de Madrid | Depósito 2 | 17/01/2008 | C-33574 | 1064567 | 23/02/2023 | 23/02/2023 | Libro impreso |
